Adventures in Odyssey #15 [CD/sound recording] : a ... Read More
Available copies
- 0 of 1 copy available at LARL/NWRL Consortium.
Current holds
1 current hold with 1 total copy.
Show Only Available Copies
| Location | Call Number / Copy Notes | Barcode | Shelving Location | Status | Due Date |
|---|---|---|---|---|---|
| Roseau Public Library | BOOK-ON-CD j ADV (Text) | 35500004188288 | Main | On holds shelf | - |
Record details
- ISBN: 1589972910
- Physical Description: 4 sound discs (ca. 6 hr.) : digital ; 4 3/4 in.
- Publisher: Colorado Springs, CO : Focus on the Family, c2006.
Content descriptions
| General Note: | Compact disc. "Classic shows digitally remastered." Bonus material: Paul Herlinger's audition as Whit ; deleted scenes from "Pipe dreams" ; The creation ... Read More |
| Formatted Contents Note: | The 'No' factor -- Fair-weather fans -- Double ... Read More |
| Participant or Performer Note: | Featuring the talents of Hal Smith, Katie Leigh, ... Read More |
| Target Audience Note: | Recommended for ages 8+. |
Search for related items by subject
| Genre: | Compact discs. Radio plays. Radio programs for children. Christian drama. |
Search for related items by series
| LDR | 01948cim a2200421Ia 4500 | ||
|---|---|---|---|
| 001 | 80505 | ||
| 003 | LARL_NWRL_CONSORTIUM | ||
| 005 | 20060922082541.0 | ||
| 007 | sd fungnn---ed | ||
| 008 | 060814s2006 counnn b z d eng d | ||
| 020 | . | ‡a1589972910 | |
| 024 | 3 | . | ‡a9781589972919 |
| 092 | 0 | . | ‡a791.44/72 ‡222 |
| 245 | 0 | 0. | ‡aAdventures in Odyssey ‡n#15 ‡h[CD/sound recording] : ‡ba place of wonder / ‡cFocus on the Family. |
| 246 | 3 | 0. | ‡aPlace of wonder |
| 260 | . | ‡aColorado Springs, CO : ‡bFocus on the Family, ‡cc2006. | |
| 300 | . | ‡a4 sound discs (ca. 6 hr.) : ‡bdigital ; ‡c4 3/4 in. | |
| 306 | . | ‡a060000. | |
| 490 | 0 | . | ‡aAdventures in Odyssey gold ; ‡vvol. 15. |
| 500 | . | ‡aCompact disc. | |
| 521 | . | ‡aRecommended for ages 8+. | |
| 500 | . | ‡a"Classic shows digitally remastered." | |
| 511 | 0 | . | ‡aFeaturing the talents of Hal Smith, Katie Leigh, Will Ryan, Walker Edmiston, Dave Madden. |
| 505 | 0 | . | ‡aThe 'No' factor -- Fair-weather fans -- Double trouble -- Wonderworld -- Flash flood -- Pen pal -- The case of the candid camera -- Pipe dreams -- On solid ground -- Rights, wrongs & reasons -- A class act -- Real time. |
| 500 | . | ‡aBonus material: Paul Herlinger's audition as Whit ; deleted scenes from "Pipe dreams" ; The creation of Edwin and Shakespeare ; Behind the scenes of "Real time" ; Behind-the-scenes booklet enclosed ; special Christmas episode! "Caroling, caroling" on CD-ROM. | |
| 655 | 0. | ‡aCompact discs. | |
| 655 | 0. | ‡aRadio plays. | |
| 655 | 0. | ‡aRadio programs for children. | |
| 655 | 0. | ‡aChristian drama. | |
| 700 | 1 | . | ‡aSmith, Hal. ‡0(LARL_NWRL_CONSORTIUM)56260 |
| 700 | 1 | . | ‡aLeigh, Katie. ‡0(LARL_NWRL_CONSORTIUM)210475 |
| 700 | 1 | . | ‡aRyan, Will. ‡0(LARL_NWRL_CONSORTIUM)202792 |
| 700 | 1 | . | ‡aEdmiston, Walker. ‡0(LARL_NWRL_CONSORTIUM)210476 |
| 700 | 1 | . | ‡aMadden, Dave. ‡0(LARL_NWRL_CONSORTIUM)204468 |
| 901 | . | ‡a80505 ‡bISxN ‡c80505 ‡tbiblio | |

Add to basket
Permalink
Disable Highlighting